You better shape up (Record no. 74249)
[ view plain ]
| 000 -LEADER | |
|---|---|
| fixed length control field | 01571cab a2200229 4500 |
| 001 - CONTROL NUMBER | |
| control field | ABS67542 |
| 008 - FIXED-LENGTH DATA ELEMENTS--GENERAL INFORMATION | |
| fixed length control field | 040305n2004 000 0 eng u |
| 035 ## - SYSTEM CONTROL NUMBER | |
| System control number | (Sirsi) u125348 |
| 100 ## - MAIN ENTRY--PERSONAL NAME | |
| Personal name | Jansen, M. |
| 245 ## - TITLE STATEMENT | |
| Title | You better shape up |
| 260 ## - PUBLICATION, DISTRIBUTION, ETC. | |
| Date of publication, distribution, etc. | 2004 |
| 490 ## - SERIES STATEMENT | |
| Series statement | Property Week |
| Volume/sequential designation | 69(8) 44-45(2) |
| 520 ## - SUMMARY, ETC. | |
| Summary, etc. | Comments on the draft Planning Policy Statement 6 "Planning for town centres" (PPS6), which is out to consultation until 15 March. Notes that there is praise from business for some aspects of the policy, notably for the call to make local authorities make specific plans for town centres and for development to be spread among smaller centres. There is also favourable comment from out-of-town retailers that PPS6 has ended disaggregation demands and sequential tests for store extensions. Concerns range from the over emphasis on town centre developments which may exclude certain leisure operators as they would struggle to find suitable sites. The encouragement to concentrate bars and nightclubs into distinct leisure quarters is also causing worry as it could create trouble spots and anti-social behaviour. The likely publication date for PPS6 is late June to mid-July and the ODPM is due to publish its guidance "Applying the sequential approach" in Autumn 2004 |
| 590 ## - LOCAL NOTE (RLIN) | |
| Local note | ABS |
| 650 ## - SUBJECT ADDED ENTRY--TOPICAL TERM | |
| Topical term or geographic name entry element | PLANNING POLICY STATEMENT 6 |
| 650 ## - SUBJECT ADDED ENTRY--TOPICAL TERM | |
| Topical term or geographic name entry element | TOWN CENTRE RETAIL |
| 650 ## - SUBJECT ADDED ENTRY--TOPICAL TERM | |
| Topical term or geographic name entry element | LEISURE DEVELOPMENT |
| 650 ## - SUBJECT ADDED ENTRY--TOPICAL TERM | |
| Topical term or geographic name entry element | PLANNING SYSTEM |
| 650 ## - SUBJECT ADDED ENTRY--TOPICAL TERM | |
| Topical term or geographic name entry element | LOCAL AUTHORITIES |
| 690 ## - LOCAL SUBJECT ADDED ENTRY--TOPICAL TERM (OCLC, RLIN) | |
| Topical term or geographic name as entry element | ENVIRONMENTAL AND LAND CONSULTANCY-PLANNING AND DEVELOPMENT |
| 942 ## - ADDED ENTRY ELEMENTS (KOHA) | |
| Suppress in OPAC | 0 |
| Withdrawn status | Lost status | Source of classification or shelving scheme | Damaged status | Not for loan | Home library | Current library | Shelving location | Date acquired | Total Checkouts | Full call number | Barcode | Date last seen | Copy number | Price effective from | Koha item type |
|---|---|---|---|---|---|---|---|---|---|---|---|---|---|---|---|
| Dewey Decimal Classification | London | London | Journal article | 05/03/2004 | ABS67542 | 125348-1001 | 06/08/2019 | 1 | 06/08/2019 | Journal article |